Grandes poetas españoles /

Guardado en:
Autor Principal: Machado, Antonio
Otros Autores: Unamuno, Miguel de, García Lorca, Federico, Vieytes, Carlos; comp.
Formato: Libro
Publicado: Buenos Aires : Troquel, 2014
Series:Iviva la tinta!. Tentempié
Materias:
Etiquetas: Agregar Etiqueta
Sin Etiquetas, Sea el primero en etiquetar este registro!
LEADER 00896nam a22002775a 4500
001 CEM.cems015262
005 20191030161313.0
008 130507s2014##################000#0#####d
003 CEMS
020 |a 9789501650327 
082 0 4 |a 861.4 
100 1 |a Machado, Antonio 
245 1 0 |a Grandes poetas españoles /  |c Antonio Machado, Miguel de Unamuno y Federico García Lorca ; compilado Por Carlos Vieytes 
260 |a Buenos Aires :  |b Troquel,  |c 2014 
300 |a 96 p. 
490 0 |a Iviva la tinta!. Tentempié 
653 |a Literatura 
653 |a Literatura española 
653 |a Literatura infantil 
653 |a Poesía 
653 |a Poesía infantil 
653 |a Colección ciencias de la educación 
700 1 |a Unamuno, Miguel de 
700 1 |a García Lorca, Federico 
700 1 |a Vieytes, Carlos; comp. 
859 |a CEMS  |b BIB. CEMS - Ccias. Educacion  |h 861.4  |i M180-1  |k CE  |p 28489.19  |t Ej.1